Goldie and the three hares / (Record no. 7731)
[ view plain ]
| 000 -LEADER | |
|---|---|
| fixed length control field | 01040nam a22003017a 4500 |
| 001 - CONTROL NUMBER | |
| control field | 7731 |
| 003 - CONTROL NUMBER IDENTIFIER | |
| control field | FISKH |
| 005 - DATE AND TIME OF LATEST TRANSACTION | |
| control field | 20250801142848.0 |
| 008 - FIXED-LENGTH DATA ELEMENTS--GENERAL INFORMATION | |
| fixed length control field | 250801b cb ||||| |||| 00| 0 eng d |
| 020 ## - INTERNATIONAL STANDARD BOOK NUMBER | |
| International Standard Book Number | 9780545446839 |
| 040 ## - CATALOGING SOURCE | |
| Original cataloging agency | FISKH |
| Language of cataloging | eng |
| Transcribing agency | FISKH |
| Modifying agency | FISKH |
| 050 ## - LIBRARY OF CONGRESS CALL NUMBER | |
| Classification number | PZ7.P1755 G |
| 082 ## - DEWEY DECIMAL CLASSIFICATION NUMBER | |
| Classification number | 398.2 |
| 100 ## - MAIN ENTRY--PERSONAL NAME | |
| Personal name | Palatini, Margie |
| 245 ## - TITLE STATEMENT | |
| Title | Goldie and the three hares / |
| Statement of responsibility, etc. | By Margie Palatin ; Illustrated by Jack E.Davis |
| 250 ## - EDITION STATEMENT | |
| Edition statement | This edition first published in 2012 |
| 260 ## - PUBLICATION, DISTRIBUTION, ETC. | |
| Place of publication, distribution, etc. | New York : |
| Name of publisher, distributor, etc. | Scholastic, |
| Date of publication, distribution, etc. | 2011 |
| 300 ## - PHYSICAL DESCRIPTION | |
| Extent | 29 pages : |
| Other physical details | color illustrations ; |
| Dimensions | 28 cm |
| 505 ## - FORMATTED CONTENTS NOTE | |
| Formatted contents note | N<br/> |
| 520 ## - SUMMARY, ETC. | |
| Summary, etc. | When Goldilocks, running from the three bears, falls down a rabbit hole and hurts her foot, a family of hares tries to help but she proves to be a very loud, demanding, and tenacious guest.<br/> |
| 521 8# - TARGET AUDIENCE NOTE | |
| Target audience note | 550<br/> |
| Source | Lexile<br/> |
| 521 8# - TARGET AUDIENCE NOTE | |
| Target audience note | N<br/> |
| Source | Raz-Plus<br/> |
| 650 ## - SUBJECT ADDED ENTRY--TOPICAL TERM | |
| Source of heading or term | Fairy tale |
| Topical term or geographic name entry element | Twisted fairy tales |
| 650 ## - SUBJECT ADDED ENTRY--TOPICAL TERM | |
| Source of heading or term | Obnoxious |
| Topical term or geographic name entry element | Hares |
| 700 ## - ADDED ENTRY--PERSONAL NAME | |
| Personal name | E.Davis, Jack |
| Dates associated with a name | illustrator |
| 942 ## - ADDED ENTRY ELEMENTS (KOHA) | |
| Source of classification or shelving scheme | Dewey Decimal Classification |
| Koha item type | Books |
| Suppress in OPAC | No |
| Withdrawn status | Lost status | Source of classification or shelving scheme | Damaged status | Not for loan | Collection | Home library | Current library | Shelving location | Date acquired | Total Checkouts | Full call number | Barcode | Date last seen | Copy number | Price effective from | Koha item type |
|---|---|---|---|---|---|---|---|---|---|---|---|---|---|---|---|---|
| Dewey Decimal Classification | Juvenile Fiction | Footprints International School Library Network Toul Tom Poung Campus | Footprints International School Library Network Toul Tom Poung Campus | TTP Primary Yellow Bookshelves | 08/01/2025 | PAL 398.2 PZ7.P1755 G | FISTKG2A093 | 08/01/2025 | 1 | 08/01/2025 | Books |
